000 004820000a22001810004500
020 _a958-601-810-5
041 0 _aSPA
082 0 4 _aG 305.4 O839p
100 1 _aOspina Robledo, Rosa Inés
245 1 0 _aPara empoderar a las mujeres rurales / Rosa Inés Ospina Robledo
260 _aBogotá, Colombia : IICA
300 _a82 Pag
001 9394
942 _cBK
999 _c39414
_d39414
336 _atexto
_btxt
_2rdacontent
337 _2rdamedia
_asin mediación
_bn
338 _2rdacarrier
_avolumen
_bnc